000 00670nam a2200241 a 4500
001 BRCA_5719
005 20190320205206.0
008 030311s1926----gw-ao#####---#001-0#ger-#
041 _ager
044 _agw
050 4 _aTR146
_b.R49 1 1926
245 1 0 _aRezepthandbuch des amateur photographen
_cP. V. Neugebauer.
260 _aBerlín
_bGuido Hackebeil
_c1926
300 _a120 p.
_bil.
_c17 cm.
440 0 _aPhotofreund
_v1
_914516
500 _aIncluye índice analítico y tablas químicas
500 _aVer también H40
500 _aH39
650 1 4 _aFotografía
_zBerlín
_914517
700 1 _aNeugebauer, P. V.
_914518
902 _aGFM
942 _2lcc
_cB
999 _c5409
_d5409